00417nam a2200169Ia 4500003000400000005001700004008004100021020001800062050002500080100002000105245003300125260003500158300003300193440000600226521000700232526000800239OSt20140312140718.0140130s9999 xx 000 0 und d a9780590484145 aQH 541.14b.R45 1996 aRelf, Patricia  aGets Eaten /cPatricia Relf. bScholastic,c1996.aNew York : a30 p. :bcol. ill. ;c19 cm. v1 aG3 c500